000
00273cam a22000977a 4500
008
180718b1959 xxu||||| |||| 00| 0 eng d
082
_a
R6603x5452 M267r
245
_a
Rules under the workermen's compenstion act.
260
_a
Madras
_b
Government of Madras
_c
1959
300
_a
8p
999
_c
496161
_d
496161